000 00731nam a22002537a 4500
003 UA-OsUOA
001 32263
007 ta
008 20050128b un ||||| |||| 00| 0 ukr d
090 _a141.82
_bЛ45
942 _cBK
040 _aUA-OsUOA
_brus
_cUA-OsUOA
_dUA-OsUOA
245 _aВоспоминания о Владимире Ильиче Ленине
_bВ 10 томах
_cРед. М. П.Мчедлов А. П.Поляков А. М.Совокин
300 _a382 с.
_bІлюстрації
955 _a0
041 _arus
080 _a141.82
020 _a5-250-01423-2(т. 8)
260 _aМосква
_bПолитиздат
_c1991
246 3 1 _aТ. 8
_n
044 _aRU
650 7 _2UDC
999 _c318702
_d318702